Synonyms A-Z #3 - Statistics

General Stats
  • This quiz has been taken 242 times
    234 since last reset
  • The average score is 21 of 25
Answer Stats
Letter Word Synonym % Correct
M Guy Man / Male
98%
B Pretty Beautiful / Beauteous
97%
T Speak Talk / Tell
97%
W H2O Water
97%
K Murder Kill
96%
D Lifeless Dead / Deceased / Departed
95%
U Below Under
95%
A Reply Answer / Acknowledge
94%
H Residence House / Home / Habitat / Habitation / Homestead
94%
J Occupation Job
94%
C Frosty Cold / Chilly / Cool / Crisp / Cutting
93%
P Celebration Party / Performance
92%
E Simple Easy / Effortless / Elementary
91%
Y Affirmative Yes / Yep
85%
N Country Nation
81%
F Kin Family / Folk / Forebears
79%
Q Shake Quiver / Quake / Quaver / Quail
79%
G Crowd Group / Gathering / Gang
76%
O Ajar Open
76%
L Earth Land / Loam
74%
I Person Individual
68%
S Coitous Sex
66%
V Empty Vacant / Vapid / Vacuous / Void
64%
Z Menagerie Zoo
53%
R Peruse Read
46%
No matching quizzes found
Score Distribution
Percent of People with Each Score
Percentile by Number Answered
Your Score History
You have not taken this quiz since the last reset